Statistiques concernant Culture cinématographique - Série 14

Cliquez ici pour prendre le quiz!

Statistiques générales

  • Ce quiz a été pris 109 fois
  • Le résultat moyen est 5 sur 10

Statistiques - réponses

QuestionRéponse% Correct
Dans "Da Vinci Code" réalisé par Ron Haward en 2006, qui est "Robert Landon" ?Tom Hanks
89%
Dans "Les Barbouzes" réalisé par Georges Lautner en 1964, qui est "Francis Lagneau" ?Lino Ventura
82%
Dans "Da Vinci Code" réalisé par Ron Haward en 2006, qui est "Sophie Neveu" ?Audrey Tautou
74%
Dans "Les Barbouzes" réalisé par Georges Lautner en 1964, qui est "Eusebio Cafarelli" ?Bernard Blier
62%
Dans "Da Vinci Code" réalisé par Ron Haward en 2006, qui est "Bezu Fache" ?Jean Reno
50%
Dans "Les Barbouzes" réalisé par Georges Lautner en 1964, qui est "Boris Vassilieff" ?Francis Blanche
48%
Dans "Les Barbouzes" réalisé par Georges Lautner en 1964, qui est "Amaranthe" ?Mireille Darc
37%
Dans "Désaccord parfait" réalisé par Antoine de Caunes en 2006, qui est "Louis Ruinard" ?Jean Rochefort
20%
Dans "Désaccord parfait" réalisé par Antoine de Caunes en 2006, qui est "Alice d'Abanville" ?Charlotte Rampling
14%
Dans "Lacombe Lucien" réalisé par Louis Malle en 1974, qui est 3Lucien Lacombe" ?Pierre Blaise
6%

Distribution des résultats

Percentile par nombre de réponses

% des personnes avec chaque résultat

Votre développement - résultats

Vous n’avez pas pris ce quiz